Regional Units of Greece - Map Quiz - Statistics

General Stats
  • This quiz has been taken 123 times
  • The average score is 31 of 75
Answers on the Map
Answers color-coded by a green-red scale on the quiz's map according to % correct below.
 
Answer Stats
Answer % Correct
Corfu
72%
Mount Athos
67%
Rhodes
67%
Chalkidiki
64%
Heraklion
61%
Thessaloniki
61%
Euboea
58%
Zakynthos
58%
Central Athens
56%
Corinth
53%
East Attica
53%
Evros
53%
Lesbos
53%
West Attica
53%
Xanthi
53%
Arta
50%
Cephalonia
50%
Ioannina
50%
West Athens
50%
Achaea
47%
Chios
47%
Drama
47%
Laconia
47%
Lefkada
47%
North Athens
47%
Rhodope
47%
Thasos
47%
Arcadia
44%
Argolis
44%
Elis
44%
Ithaca
44%
Kavala
44%
Samos
44%
South Athens
44%
Andros
42%
Chania
42%
Karpathos-Kasos
42%
Messenia
42%
Rethymno
42%
Serres
42%
Florina
39%
Islands
39%
Kilkis
39%
Kos
39%
Naxos
39%
Piraeus
39%
Thira
39%
Boeotia
36%
Icaria
36%
Kastoria
36%
Kozani
36%
Sporades
36%
Aetolia-Acarnania
33%
Grevena
33%
Larissa
33%
Lasithi
33%
Lemnos
33%
Pella
33%
Pieria
33%
Preveza
33%
Trikala
33%
Imathia
31%
Magnesia
31%
Mykonos
31%
Thesprotia
31%
Karditsa
28%
Kalymnos
25%
Kea-Kythnos
25%
Milos
25%
Syros
25%
Evrytania
19%
Paros
19%
Phocis
17%
Phthiotis
17%
Tinos
14%
No matching quizzes found
Score Distribution
Percent of People with Each Score
Percentile by Number Answered
Your Score History
You have not taken this quiz